000
00314nam a2200133Ia 4500
008
190216s9999||||xx |||||||||||||| ||und||
100
_a
Geoffrey Gordon
245
0
_a
System Simultation
250
_a
2nd Ed.
260
_b
Prentice Hall Of India Pvt Ltd
_c
1990
300
_a
324
650
_a
Computer
942
_c
BK
999
_c
8396
_d
8396